| 000 | 00402nam a22001577a 4500 | ||
|---|---|---|---|
| 999 |
_c18907 _d18907 |
||
| 008 | 210426b xxu||||| |||| 00| 0 eng d | ||
| 020 | _a1118502143 | ||
| 050 |
_aQB981 _b.L53 2015 c.1 |
||
| 100 | _aLiddle, Andrew | ||
| 245 |
_aAn introduction to modern cosmology _cAndrew Liddle |
||
| 250 | _a3rd ed. | ||
| 260 |
_aUK _bWiley _c2015 |
||
| 300 | _axv,182p. | ||
| 650 | _aCosmology | ||
| 942 |
_2lcc _cBK |
||